Регионална библиотека "Любен Каравелов" - Русе

Първият изстрел в Априлското въстание (Запис номер 165364)

MARC детайли
000 -Лидер
Контролно поле с фиксирана дължина 00964nam a2200277 c 4500
003 - Код на организацията, давaща контролен номер
Контролно поле BLK
005 - Дата и час на последна редакция
Контролно поле 20180420234934.0
008 - Елементи от данни с фиксирана дължина
fixed length control field 180410b bul|||||r ||||||| ||bul||
010 ## - Наследен системен номер
LC control number KNG00172974000
040 ## - Източник на каталожния запис
Идентификатор на билиотеката - собственик на записа BLK
041 ## - Код за език
Код за езика на текст/звукозапис или на отделно заглавие Български
Код за езика КДБФ Български
080 ## - УДК
Текстов определител УДК Българска литература
УДК код - определител по УДК 821.163.2
УДК определител -32
УДК - код + определител 821.163.2-32
100 1# - Редна дума - Автор
Автор Дейванов, Владимир
Авторска отговорност първи автор
R(LIN) 59317
139 ## - Редно поле
Редна дума Дейванов, Владимир
Авторски знак Деи - Д 34
245 10 - Сведения за заглавието
Заглавие Първият изстрел в Априлското въстание
Редно поле (дума) Владимир Дейванов.
257 ## - Страна на издаване
Страна на създаване/издаване България
260 ## - Област на издателските данни
-- София
Име на издателя, разпространителя и проч. Нар. просв.
Година на издаване 1959
300 ## - Физическа характеристика
Страници 64 с.
Размери/Мащаб 25 см
380 ## - Жанр
Жанр Худож. лит.
490 1# - СЕРИИ (Колекции)
Име на серия Популярна историческа библиотека
852 ## - Местоположение
Форматна сигнатура Цб 15036
856 4# - Електронен адрес и достъп
Електронен формат pdf - файл
Път до файла /url/
856 4# - Електронен адрес и достъп
Електронен формат pdf - файл
Път до файла /url/
942 ## - АРТИКУЛИ
Вид на библиотечния материал Книги
Скрит в OPAC Не
944 ## - СЪЗДАВАНЕ И РЕДАКЦИЯ на ЗАПИСА
Създаване/Редакция Създаване
Дата на регистрацията/редакция 13.03.2015
Служител, извършил регистрацията/редакцията Теодора_Стоянова
944 ## - СЪЗДАВАНЕ И РЕДАКЦИЯ на ЗАПИСА
Създаване/Редакция Редакция
Дата на регистрацията/редакция 28.09.2017
Служител, извършил регистрацията/редакцията Вася_Ганчева
999 ## - СИСТЕМНИ КОНТРОЛНИ НОМЕРА
Koha biblionumber 165364
Koha biblioitemnumber 165364
Наличности
Код за отписване Код за изгубен артикул Източник на класификационната схема Код за повреда Коз за рестрикции Код за отдаване Артикулен № Име на библиотеката - собственик Име на библиотеката, в която се намира в момента Статус (Текущо местоположение) Дата на вписване в системата Местоположение - отдел Цена в лева Инвентарен номер Систематично азбучна сигнатура Баркод Номер на екземпляра Цена в евро Служебна бележка Служебен тип на артикула Бележка за публиката
  Не е изгубен Universal Decimal Classification Не е повреден без рестрикции ползва се в читалня 278816 Регионална библиотека "Любен Каравелов" Русе Регионална библиотека "Любен Каравелов" Русе Хранилище 1959-01-01 Основен фонд - ползва се само за читалня 0.14 10133/59 Цб 15036 900000083902 1 0.07 Дост: Dp Вид: Сф N: стар фонд Дата: 01.01.1959 Книги  
Изтеглен Не е изгубен Universal Decimal Classification Не е повреден без рестрикции заемане за дома 278817 Регионална библиотека "Любен Каравелов" Русе Регионална библиотека "Любен Каравелов" Русе Заемна - подръчен фонд 1959-01-01 Заемна - подръчен фонд 0.14 10130/59 П 886.7-32/Д 34 10130/59 2 0.07 Дост: Pk Вид: Сф N: стар фонд Дата: 01.01.1959 Книги  
Изтеглен Не е изгубен Universal Decimal Classification Не е повреден без рестрикции заемане за дома 278818 Регионална библиотека "Любен Каравелов" Русе Регионална библиотека "Любен Каравелов" Русе Заемна - подръчен фонд 1959-01-01 Заемна - подръчен фонд 0.14 10128/59 П 886.7-32/Д 34 10128/59 3 0.07 Дост: Pk Вид: Сф N: стар фонд Дата: 01.01.1959 Книги  
Изтеглен Не е изгубен Universal Decimal Classification Не е повреден без рестрикции заемане за дома 278819 Регионална библиотека "Любен Каравелов" Русе Регионална библиотека "Любен Каравелов" Русе Заемна - подръчен фонд 1959-01-01 Заемна - подръчен фонд 0.14 10126/59 П 886.7-32/Д 34 10126/59 4 0.07 Дост: Pk Вид: Сф N: стар фонд Дата: 01.01.1959 Книги  
Изтеглен Не е изгубен Universal Decimal Classification Не е повреден без рестрикции заемане за дома 278820 Регионална библиотека "Любен Каравелов" Русе Регионална библиотека "Любен Каравелов" Русе Заемна - подръчен фонд 1959-01-01 Заемна - подръчен фонд 0.14 9598/59 П 886.7-32/Д 34 9598/59 5 0.07 Дост: Pk Вид: Сф N: стар фонд Дата: 01.01.1959 Книги  
Изтеглен Не е изгубен   Не е повреден без рестрикции заемане за дома 278821 Регионална библиотека "Любен Каравелов" Русе Регионална библиотека "Любен Каравелов" Русе   1959-01-01 Детски отдел 0.14 10195/59 ДХ 886.7/Д 34 10195/59 6 0.07 Дост: Pk Вид: Сф N: стар фонд Дата: 01.01.1959 Дата инв: 06.10.2015 Бележки инв: Д2015 Книги Отч.N: 40/2017 , Дата: 07.09.2017
Vip Innovations Ltd, Rousse, Bulgaria 2025